University Home | Library Home | Institutional Repository

Mechanics: point objects and particles. (Record no. 149782)

MARC details
000 -LEADER
fixed length control field 00620cam8a220021700 4500
001 - CONTROL NUMBER
control field lce00605061
008 - FIXED-LENGTH DATA ELEMENTS--GENERAL INFORMATION
fixed length control field 740610c19671968nyua b 000 0 eng
010 ## - LIBRARY OF CONGRESS CONTROL NUMBER
LC control number 67019785
035 ## - SYSTEM CONTROL NUMBER
System control number (Sirsi) r13682
035 ## - SYSTEM CONTROL NUMBER
System control number (DLC) 67019785
035 ## - SYSTEM CONTROL NUMBER
System control number (UPRA)lce00605061
050 0# - LIBRARY OF CONGRESS CALL NUMBER
Classification number QC125
Item number .T7
082 ## - DEWEY DECIMAL CLASSIFICATION NUMBER
Classification number 531
100 1# - MAIN ENTRY--PERSONAL NAME
Personal name Triffet, Terry.
Linkage A69079.1
245 10 - TITLE STATEMENT
Title Mechanics: point objects and particles.
260 ## - PUBLICATION, DISTRIBUTION, ETC.
Place of publication, distribution, etc. New York,
Name of publisher, distributor, etc. Wiley
Date of publication, distribution, etc. [1967, c1968]
504 ## - BIBLIOGRAPHY, ETC. NOTE
Bibliography, etc. note Bibliographical footnotes.
650 #0 - SUBJECT ADDED ENTRY--TOPICAL TERM
Topical term or geographic name entry element Mechanics.
Linkage S393.1
949 ## - LOCAL PROCESSING INFORMATION (OCLC)
a QC125
w lcc
i 33729000268404
m MAIN
p 2500
t BOOK
l ON-SHELF

No items available.

© 2026 - The University of Zambia Library - Koha v25.11